Pokémon aus Generation 6 - Statistiken

Allgemein
  • Dieses Quiz wurde 18 mal gespielt
  • Das Durchschnittsergebnis liegt bei 56 aus 72
Antwortstatistiken
Hint Antwort % Korrekt
655 Fennexis
100%
669 Flabébé
100%
656 Froxy
100%
653 Fynx
100%
650 Igamaro
100%
658 Quajutsu
100%
654 Rutena
100%
666 Vivillon
100%
657 Amphizel
90%
652 Brigaron
90%
662 Dartignis
90%
702 Dedenne
90%
694 Eguana
90%
695 Elezard
90%
663 Fiaro
90%
684 Flauschling
90%
670 Floette
90%
671 Florges
90%
660 Grebbit
90%
682 Parfi
90%
683 Parfiness
90%
665 Puponcho
90%
664 Purmel
90%
701 Resladero
90%
659 Scoppel
90%
716 Xerneas
90%
717 Yveltal
90%
698 Amarino
80%
712 Arktip
80%
661 Dartiri
80%
719 Diancie
80%
680 Duokles
80%
681 Durengard
80%
700 Feelinara
80%
679 Gramokles
80%
651 Igastarnish
80%
667 Leufeo
80%
674 Pam-Pam
80%
668 Pyroleo
80%
703 Rocara
80%
685 Sabbaione
80%
706 Viscogon
80%
718 Zygarde
80%
699 Amagarga
70%
696 Balgoras
70%
707 Clavion
70%
720 Hoopa
70%
710 Irrbis
70%
672 Mähikel
70%
675 Pandagro
70%
708 Paragoni
70%
709 Trombork
70%
705 Viscargot
70%
704 Viscora
70%
721 Volcanion
70%
688 Bithora
60%
687 Calamanero
60%
673 Chevrumm
60%
714 eF-eM
60%
686 Iscalar
60%
697 Monargoras
60%
677 Psiau
60%
678 Psiaugon
60%
711 Pumpdjinn
60%
692 Scampisto
60%
715 UHaFnir
60%
693 Wummer
60%
690 Algitt
50%
691 Tandrak
50%
689 Thanathora
50%
676 Coiffwaff
40%
713 Artilas
10%
Keine übereinstimmenden Quizze gefunden
Verteilung der Resultate
Anzahl Personen mit jedem Resultat
Perzentil nach korrekt beantworteten Fragen
Ihre Resultats-Entwicklung
Sie haben dieses Quiz noch nicht gespielt